| 000 | 00511nam a2200169Ia 4500 | ||
|---|---|---|---|
| 005 | 20250508153324.0 | ||
| 008 | 008 250505s9999 xx 000 0 eng d | ||
| 037 | _aBooks to be hide in OPAC | ||
| 040 |
_aFEDL _beng _cFEDL |
||
| 041 |
_aeng _2eng |
||
| 084 |
_a529.325, IND/O _qFEDL |
||
| 245 | 0 | _aRashtriya panchang (English) : Saka era 1881 (1959-60 A.D.) | |
| 245 | 4 | _cThe Director General of Observatories | |
| 300 | _a119p. | ||
| 942 |
_cHB _h529.325, IND/O |
||
| 999 |
_c1342031 _d1342031 |
||